000 00295nam a22001337a 4500
008 170802b xxu||||| |||| 00| 0 eng d
020 _a9780136386773
041 _aeng
080 _22ND
_a004
100 _a32
101 _aSHK
245 _aOPERATING SYSTEMS
_cTANENBAUM,A.S
942 _2udc
_cBK
999 _c22519
_d22519